| 000 | 00720nam a2200289Ia 4500 | ||
|---|---|---|---|
| 008 | 170711s9999 xx 000 0 und d | ||
| 020 | _a965963837 | ||
| 050 | _a332.02 | ||
| 050 | _bD483 1999 | ||
| 100 | _aDetweiler, Gerri | ||
| 245 | _aSlash your debt : | ||
| 245 | _bsave money and secure your future / | ||
| 245 | _cGerri Detweiler. | ||
| 250 | _aFirst edition | ||
| 260 | _aUSA : | ||
| 260 | _bFinancial Literacy Center, Inc., | ||
| 260 | _c1999 | ||
| 300 | _a110 pages : | ||
| 300 | _billustrations ; | ||
| 300 | _c23cm. | ||
| 650 | _aConsumer credit. | ||
| 650 | _aDebt. | ||
| 650 | _aFinance, Personal. | ||
| 700 | _aCastleman, Nancy. | ||
| 700 | _aEisenson, Marc. | ||
| 700 | _aTitle. | ||
| 999 |
_c339550 _d339550 |
||